| 000 | 00594nam a2200169Ia 4500 | ||
|---|---|---|---|
| 005 | 20250923145443.0 | ||
| 008 | 008 250917s9999 xx 000 0 eng d | ||
| 037 | _aTextual | ||
| 040 |
_aDSWL _beng _cDSWL |
||
| 041 |
_aeng _2eng |
||
| 084 |
_az2'N83<--N78t50bYX;5N78, N78 _qDSWL |
||
| 245 | 0 |
_aReport of the Working Group on Social Welfare in Five Year Plan 1978-1982 _c by Ministry of Education and social welfare |
|
| 260 |
_aNew Delhi _b The Author _c1978 |
||
| 300 | _a66 p. | ||
| 942 |
_cTEXL _hz2'N83<--N78t50bYX;5N78, N78 |
||
| 999 |
_c1451528 _d1451528 |
||